| 000 | 01413nam a2200253 a 4500 | ||
|---|---|---|---|
| 003 | AM-YeHGA | ||
| 005 | 20250617160057.0 | ||
| 008 | 190321s1960 ru ||||fr||||u000|0|rus|| | ||
| 040 | _aAM-YeHGA | ||
| 041 | 0 |
_arus _heng |
|
| 100 | 1 | _aВейл, Джон В. | |
| 245 | 1 | 0 |
_aРемонт кузовов и крыльев автомобилей / _cДжон В. Вейл; Пер. с англ. М. С. Коросташевского и Н. Е. Елизарьева ; Под ред.А. М. Каца |
| 260 |
_aМосква : _bАвтотрансиздат, _c1960. |
||
| 300 | _a152 с. | ||
| 650 | 1 | 4 | _aАвтомобильные кузова - Ремонт |
| 700 | 1 |
_aКоросташевский, М. С. _eпер. _4trl |
|
| 700 | 1 |
_aЕлизарьев, Н. Е. _eпер. _4trl |
|
| 700 | 1 |
_aКац, А. М. _eред. _4edt |
|
| 710 | 2 | _aМеждународная федерация по автоматическому управлению. | |
| 710 | 2 | _aПервый международный конгресс ИФАК по автоматическому управлению. | |
| 773 | 1 | 8 |
_7c2am _g194 _aМеждународная федерация по автоматическому управлению. Конгресс (1; 1960; Москва) _t[Доклады] [Текст] _dМосква : Акад. наук СССР, 1960 _h25 т.; 26 см _w005604913 |
| 942 |
_2udc _cBK |
||
| 090 | _c448157 | ||
| 999 |
_c445311 _d445311 |
||